Il ragazzo : romanzo /

Saved in:
Bibliographic Details
Main Author: Vallès, Jules (Author)
Format: Book
Language:Italian
Published: Milano : Feltrinelli, 1973
Edition:2. ed
Series:Universale economica ; 670
Tags: Add Tag
No Tags, Be the first to tag this record!

MARC

LEADER 00000nam a22000007i 4500
001 IT\ICCU\CFI\0457723
003 ItRI
005 20260115232437.0
008 000103s1973 it |||||| ||||| |||||c
015 |2 IT  |a 73-8972 
040 |b ita  |c importazione bologna sebina 
041 7 |a ita  |2 ISO-639-2 
082 |a 843.8  |9 NARRATIVA FRANCESE. 1848-1900  |2 18 
100 1 |a Vallès, Jules  |0 IT\ICCU\CFIV\081011  |4 aut 
240 1 3 |a L' enfant. -  |3 IT\ICCU\RAV\0105264  |9 Vallès, Jules 
245 1 3 |a Il ragazzo :  |b romanzo /  |c Jules Vallès ; prefazione di Edda Cantoni. 
250 |a 2. ed 
260 |a Milano :  |b Feltrinelli,  |c 1973 
300 |a 298 p. ;  |c 18 cm 
500 |a Trad. di L. Basso. 
790 1 |a La Rue, Jean  |3 IT\ICCU\MILV\157776  |z Vallès, Jules 
830 0 |a Universale economica ;  |v 670  |0 IT\ICCU\CFI\0001103 
942 |2 ddc  |c BK  |n 0 
952 |0 0  |1 0  |4 0  |6 DOC_843_800000000000000_VAL  |7 0  |9 25850  |a BO  |b BO  |d 2026-01-15  |i 854  |l 0  |o DOC 843.8 VAL  |p BO854  |r 2026-01-15 23:24:37  |w 2026-01-15  |x [Sebina 5] [1 v.]  |y BK  |z 1 v. 
999 |c 21916  |d 21916